Missing Word: Last Word Movies (2000) Quiz Stats

 Plays Quiz Updated Feb 21, 2015

Challenge
Share
Tweet
Embed
Score 0/20 Timer 03:00
4 Plays Today
Movie Word % Correct
How the Grinch Stole _________Christmas
98.5%
Gone in Sixty ________Seconds
97.2%
What Women ______Want
92.4%
Scary ______Movie
88.1%
Crouching Tiger, Hidden _______ Dragon
87.5%
Cast ______Away
86.7%
Meet the ________Parents
86.6%
Me, Myself & ______Irene
82.2%
Coyote _____Ugly
82.1%
The Emperor's New _______Groove
81.4%
Movie Word % Correct
Charlie's ________Angels
79.3%
Pay It ________Forward
78.5%
What Lies _________Beneath
77.5%
Mission to _____Mars
76.7%
Best in _____Show
76.1%
Remember the _______Titans
75.8%
Miss __________Congeniality
70.4%
The Road to El _______Dorado
69.5%
Requiem for a ______Dream
64.4%
The Family ____Man
15.8%

Today's Daily Dose

You're not logged in!

Compare scores with friends on all Sporcle quizzes.
OR
Log In

You Might Also Like...

Show Comments

Extras

Top Quizzes Today


Score Distribution

Your Account Isn't Verified!

In order to create a playlist on Sporcle, you need to verify the email address you used during registration. Go to your Sporcle Settings to finish the process.

Report this User

Report this user for behavior that violates our Community Guidelines.

Details: